Dalit sahitya ka soundarya (Record no. 439010)

000 -LEADER
fixed length control field 00315cam a22001097a 4500
008 - FIXED-LENGTH DATA ELEMENTS--GENERAL INFORMATION
fixed length control field 180718b2000 xxu||||| |||| 00| 0 eng d
020 ## - INTERNATIONAL STANDARD BOOK NUMBER
International Standard Book Number 81 8143 358 0
100 ## - MAIN ENTRY--PERSONAL NAME
Personal name Limbale, Sharan Kumar
245 ## - TITLE STATEMENT
Title Dalit sahitya ka soundarya
Statement of responsibility, etc. by Sharan Kumar Limbale
260 ## - PUBLICATION, DISTRIBUTION, ETC.
Place of publication, distribution, etc. New Delhi
Name of publisher, distributor, etc. Vani Prakashan
Date of publication, distribution, etc. 2000
300 ## - PHYSICAL DESCRIPTION
Extent 178p.
Holdings
Withdrawn status Lost status Damaged status Not for loan Permanent Location Current Location Date acquired Barcode Date last seen Price effective from Koha item type
        Indian Institute of Public Administration Indian Institute of Public Administration 2010-04-21 81813 2018-07-21 2018-07-21 Book

Powered by Koha